| 000 | 00669nam a22002297a 4500 | ||
|---|---|---|---|
| 001 | 0011750 | ||
| 003 | DO-SdBNP | ||
| 005 | 20180209093510.0 | ||
| 007 | 0011750 | ||
| 008 | 161114b 1990 xx||||| |||| 00| 0 spa d | ||
| 020 | _a9780516534299 | ||
| 040 |
_aBPMSU _bspa _cBPMSU |
||
| 082 |
_axxxxxxxx _bxxxxxxxx |
||
| 100 | 1 | _aPoulet, Virginia | |
| 245 | 1 |
_aAzulín visita a México / _cVirginia Poulet ; ilustración Peggy Perry Anderson |
|
| 260 |
_aMéxico : _bChildren press, _c1990. |
||
| 300 |
_a32 p. : _bil., _c24 cm. |
||
| 700 | 1 |
_aPerry Anderson, Peggy, _eil. |
|
| 942 |
_2ddc _cBK |
||
| 945 | _ainventariado, 2018 / dg | ||
| 956 |
_aBTAVÁREZ _b10 _c20161114 _d0011750 |
||
| 999 |
_c11930 _d11930 |
||